[Event "4NCL Division 1b"]
[Site "Solihull, ENG"]
[Date "2018.01.13"]
[Round "3.53"]
[White "D'Costa, Lorin A R"]
[Black "Fodor, Tamas Jr"]
[Result "0-1"]
[WhiteElo "2391"]
[BlackElo "2493"]
[PlyCount "86"]
[EventDate "2018.01.13"]
[WhiteTeam "Barbican 4NCL 1"]
[BlackTeam "Cheddleton 1"]

1. Nf3 d5 2. g3 Nd7 3. c4 dxc4 4. Qa4 Ngf6 5. Bg2 g6 6. O-O Bg7 7. Qxc4 O-O 8.
d3 Nb6 9. Qh4 Re8 10. Nc3 c6 11. Bh6 Bh8 12. h3 Nfd5 13. d4 Nc4 14. Rab1 e6 15.
Bg5 f6 16. Bh6 Nd6 17. e4 Nxc3 18. bxc3 Qa5 19. Rfe1 Qxa2 20. Qf4 Nf7 21. h4
Qa5 22. e5 Qxc3 23. h5 Qd3 24. exf6 Qf5 25. hxg6 hxg6 26. Qd2 Bxf6 27. Bf4 Rd8
28. Qe3 Kg7 29. Bc7 Rh8 30. Ne5 Bxe5 31. Bxe5+ Nxe5 32. dxe5 a5 33. Qd4 a4 34.
Ra1 Rf8 35. Re4 Ra5 36. Qb6 Rb5 37. Qc7+ Qf7 38. Qxf7+ Rxf7 39. Raxa4 Rb1+ 40.
Bf1 b5 41. Ra8 Bb7 42. Rb8 b4 43. Rh4 Ba6 0-1

[Event "4NCL Division 1b"]
[Site "Solihull, ENG"]
[Date "2018.01.13"]
[Round "3.55"]
[White "Griffiths, Ryan Rhys"]
[Black "Arkell, Keith C"]
[Result "0-1"]
[WhiteElo "2366"]
[BlackElo "2411"]
[PlyCount "90"]
[EventDate "2018.01.13"]
[WhiteTeam "Barbican 4NCL 1"]
[BlackTeam "Cheddleton 1"]

1. d4 Nf6 2. c4 e6 3. Nc3 Bb4 4. e3 c5 5. Nge2 cxd4 6. exd4 d5 7. c5 Ne4 8. Bd2
Nxd2 9. Qxd2 b6 10. a3 Bxc3 11. Nxc3 bxc5 12. dxc5 a5 13. Na4 Bd7 14. Nb6 Ra7
15. Rc1 a4 16. Nxd7 Nxd7 17. c6 Nb6 18. Qb4 Qc7 19. Bb5 f6 20. O-O Kf7 21. Rfe1
e5 22. Rc5 Rd8 23. b3 axb3 24. Qxb3 Kg8 25. a4 Kh8 26. Qb4 h6 27. a5 Nc8 28.
Bf1 d4 29. a6 d3 30. Qe4 Rd4 31. Qg6 Ne7 32. Qe8+ Kh7 33. Rc4 Qd6 34. Rxd4 Qxd4
35. g3 e4 36. Kg2 f5 37. Qf7 Qc3 38. Re3 Qxc6 39. g4 Qd5 40. Qf8 d2 41. Be2 Ng6
42. Qb8 d1=Q 43. Bxd1 Qxd1 44. gxf5 Qg4+ 45. Kf1 Nf4 0-1

[Event "4NCL Division 1b"]
[Site "Solihull, ENG"]
[Date "2018.01.13"]
[Round "3.88"]
[White "Kett, Tim"]
[Black "Ivanov, Elizabeth"]
[Result "1-0"]
[WhiteElo "2223"]
[BlackElo "1602"]
[PlyCount "33"]
[EventDate "2018.01.13"]
[WhiteTeam "West is Best 1"]
[BlackTeam "Cambridge University 1"]

1. e4 e5 2. Nf3 Nc6 3. Bb5 Bc5 4. O-O d6 5. c3 Bg4 6. d4 Bxf3 7. gxf3 Bb6 8. d5
Nge7 9. dxc6 bxc6 10. Ba4 Qd7 11. f4 Ng6 12. Qf3 O-O-O 13. Na3 h6 14. Nc4 Nh4
15. Qg3 g5 16. fxe5 dxe5 17. Be3 1-0